A discourse analysis of abstracts of English and Vietnamese business papers

Introduction; Theoretical background; Methodology and procedures...

Na minha lista:
Detalhes bibliográficos
Autor principal: Bùi Thị Thu H
Outros Autores: Ngu Thien Hung , PhD. (Hướng dẫn.)
Formato: online
Idioma:English
Publicado em: Đà Nẵng : Đại học Đà Nẵng, 2007.
Assuntos:
Tags: Adicionar Tag
Sem tags, seja o primeiro a adicionar uma tag!
Thư viện lưu trữ: Mạng thư viện Đại học Đà Nẵng
LEADER 02662na a2200361 4500
001 000030932
003 4986
005 20230614090320.0
008 151001s2007 000 eng
040 |a LNN 
041 |a ENG 
082 |a 420.33  |b BU-H 
100 |a Bùi Thị Thu Hà 
245 1 0 |a A discourse analysis of abstracts of English and Vietnamese business papers  |h [Thesis-Luận văn thạc sĩ] /  |c Bui Thi Thu Ha ; Ngu Thien Hung hướng dẫn. 
260 |a Đà Nẵng :  |b Đại học Đà Nẵng,  |c 2007. 
300 |a 109 tr. ;  |c 29 cm. +  |e 1 tóm tắt. 
500 |a M.A. thesis in the English language. 
520 3 |a Introduction; Theoretical background; Methodology and procedures... 
630 0 4 |a Tiếng Anh. 
700 1 |a Ngu Thien Hung ,  |c PhD.,  |e Hướng dẫn. 
OWN |a LNN 
AVA |a UDN50  |b LNN  |c English  |d 420.33 BU-H  |e available  |t Error 5001 Not defined in file expand_doc_bib_avail.  |f 1  |g 0  |h N  |i 0  |j AN  |k 1 
Z40 3 |y A discourse analysis of abstracts of English and Vietnamese business papers  |l Library of UFL  |t VIEW  |x http://catalog.udn.vn:80/F?func=service&doc_library=UDN01&local_base=UDN01&doc_number=000030932&sequence=000001&line_number=0001&func_code=DB_RECORDS&service_type=MEDIA  |f TotalThesisHa5.11_000025874.pdf  |e pdf  |s 000807978  |k 20230614  |m NTMTHI 
Z40 3 |y A discourse analysis of abstracts of English and Vietnamese business papers  |l Library of UFL  |t VIEW  |x http://catalog.udn.vn:80/F?func=service&doc_library=UDN01&local_base=UDN01&doc_number=000030932&sequence=000002&line_number=0002&func_code=DB_RECORDS&service_type=MEDIA  |f SUMMARY5.11HANEW_000025876.pdf  |e pdf  |s 000240512  |k 20230614  |m NTMTHI 
999 |a From the UDN01 
AVA |a UDN50  |b LNN  |c English  |d 420.33 BU-H  |e available  |t Error 5001 Not defined in file expand_doc_bib_avail.  |f 1  |g 0  |h N  |i 0  |j AN  |k 1 
TYP |a Printed language 
856 |y A discourse analysis of abstracts of English and Vietnamese business papers  |l Library of UFL  |t VIEW  |x http://catalog.udn.vn:80/F?func=service&doc_library=UDN01&local_base=UDN01&doc_number=000030932&sequence=000001&line_number=0001&func_code=DB_RECORDS&service_type=MEDIA  |f TotalThesisHa5.11_000025874.pdf  |e pdf  |s 000807978  |k 20230614  |m NTMTHI 
856 |y A discourse analysis of abstracts of English and Vietnamese business papers  |l Library of UFL  |t VIEW  |x http://catalog.udn.vn:80/F?func=service&doc_library=UDN01&local_base=UDN01&doc_number=000030932&sequence=000002&line_number=0002&func_code=DB_RECORDS&service_type=MEDIA  |f SUMMARY5.11HANEW_000025876.pdf  |e pdf  |s 000240512  |k 20230614  |m NTMTHI 
980 |a Mạng thư viện Đại học Đà Nẵng